Vista normal
Vista MARC
Entrada Topical Term
Número de registros utilizados en: 1
001 - CONTROL NUMBER
- control field: 65659
003 - CONTROL NUMBER IDENTIFIER
- control field: OSt
005 - DATE AND TIME OF LATEST TRANSACTION
- control field: 20251015212520.0
008 - FIXED-LENGTH DATA ELEMENTS
- fixed length control field: 251015|| aca||aabn | a|a d
040 ## - CATALOGING SOURCE
- Original cataloging agency: OSt
- Transcribing agency: OSt
150 ## - HEADING--TOPICAL TERM
- Topical term or geographic name entry element: Miedo al rechazo en la literatura
670 ## - SOURCE DATA FOUND
- Source citation: Work cat.: (OSt)59462: Da Coll, Ivar 1962- aut 2446, Carlos /